| 000 | 00690cam a2200205 a 4500 | ||
|---|---|---|---|
| 020 | _a1556221649 (pbk.) : | ||
| 082 | 0 | 0 |
_a006.68 _bLOR _cML-01,P-11. |
| 100 | 1 |
_aLormor, Rebecca A. _936933 |
|
| 245 | 1 | 0 |
_aIllustrated Harvard graphics version 2.3 / _cRebecca A. Lormor and Noel M. McMahan. |
| 260 |
_aPlano, Tex. : _bWordware Pub., _c1991. |
||
| 300 |
_avi, 378 p. : _bill. ; _c24 cm. |
||
| 500 | _aIncludes index. | ||
| 526 |
_a0 _b0 _c0 _d006_680000000000000_LOR |
||
| 526 |
_a0 _b0 _c0 _d006_680000000000000_LOR |
||
| 526 |
_a0 _b0 _c0 _d006_680000000000000_LOR |
||
| 526 |
_a0 _b0 _c0 _d006_680000000000000_LOR |
||
| 650 |
_aMCE _9379 |
||
| 700 | 1 |
_aMcMahan, Noel M. _936934 |
|
| 942 |
_2ddc _cBK |
||
| 999 |
_c541870 _d541870 |
||